Tvorba matríc na báze vláknitých polymérov a ich modifikácia diplomová práca

Saved in:
Bibliographic Details
Main Author: Perďochová, Dagmara
Format: Book
Language:Slovak
Published: Bratislava STU FCHPT 2015
Online Access:View in OPAC
Tags: Add Tag
No Tags, Be the first to tag this record!

MARC

LEADER 00000nam a2200000 a 4500
005 20260127134307.0
008 160120 2015 000 0 slo d
035 |a vtls011467736 
039 9 |y 201601201342  |z mschk03 
040 |a STUSCHK1  |b slo  |c STUSCHK1  |e AACR2 
100 1 |a Perďochová, Dagmara 
245 1 |a Tvorba matríc na báze vláknitých polymérov a ich modifikácia  |b diplomová práca  |c Dagmara Perďochová 
260 |a Bratislava  |b STU FCHPT  |c 2015 
300 |a 92 s.  |b il.  |c 25 cm 
500 |a Študijný program: prírodné a syntetické polyméry 
500 |a Študijný odbor: chemické technológie 
500 |a Školiace pracovisko: Oddelenie plastov a kaučuku 
500 |a Evid. číslo: FCHPT-13576-43393 
910 |a SCHK95 
999 |c 9005  |d 9005